000 00519cam a2200169 i 4500
005 20260216103251.0
008 250721s1999 xxk gr 000 0 eng d
020 _a0874349400
082 1 4 _a610.73
_bG E R
245 1 0 _aHandbook of Geriatric nursing care /
_cMarica Andrews, peter H. Johnson, Doris Weinstock.
264 3 1 _apennsylvania :
_bspringhouse,
_c1999.
300 _a634 pages.
650 1 7 _aGERIATRIC NURSING.
650 1 7 _aSPRINGHOUSE CORPORATION.
942 _2ddc
_cBK
999 _c109111
_d109111